[Event "Challenge"]
[Site "http://www.queenalice.com/game.php?id=423715"]
[Date "2008.6.27"]
[Round "-"]
[White "vania"]
[Black "EduardoAlmeida"]
[Result "1/2-1/2"]
[WhiteElo "1441"]
[BlackElo "1311"]

1. e4 Nf6 2. f3 e5 3. g4 Nc6 4. c4 Nd4 5. h4 d5 6. cxd5 Bc5 7. a4 c6 8. dxc6
bxc6 9. h5 O-O 10. g5 Ne6 11. gxf6 Qxf6 12. a5 Rb8 13. a6 Nd4 14. Ra5 Bb4 15.
Ra4 Be7 16. d3 Bb4+ 17. Nc3 Bc5 18. Nh3 Nxf3+ 19. Ke2 Rb6 20. Rc4 Bd6 21. Na4
Bb4 22. Nxb6 axb6 23. Rxb4 Bxa6 24. Rxb6 Rd8 25. Rxa6 Nd4+ 26. Ke1 Qh4+ 27. Nf2
Qg3 28. Rh3 Qg1 29. Ra7 Ne6 30. Qc2 Nf4 31. Bxf4 exf4 32. Qxc6 h6 33. Qc7 Rf8
34. d4 f3 35. Rxf3 Qg5 36. Rxf7 Rxf7 37. Qxf7+ Kh7 38. e5 Qg3 39. Bd3+ Kh8 40.
Bg6 Qc3+ 41. bxc3 1/2-1/2

[Event "AUTO-BEG-238"]
[Site "http://www.queenalice.com/game.php?id=443089"]
[Date "2008.8.3"]
[Round "1"]
[White "EduardoAlmeida"]
[Black "PH_gga"]
[Result "0-1"]
[WhiteElo "1245"]
[BlackElo "1370"]

1. Nf3 e6 2. e4 Qf6 3. Bc4 Bc5 4. e5 Qf5 5. O-O Nc6 6. Qe1 Nd4 7. Nc3 Nxc2 8.
Qe2 Nxa1 9. Ne4 d6 10. d3 f6 11. exf6 Nxf6 12. Bd2 Nc2 13. Neg5 Nd4 14. Nxd4
Bxd4 15. Bxe6 Bxe6 16. Nxe6 Kf7 17. Nxd4 Qd5 18. b3 Qxd4 19. a3 Rhe8 20. Qf3 Qb2
21. Bg5 Qxb3 22. Rc1 Qxa3 23. Rxc7+ Kf8 24. Rxb7 Re1# 0-1

[Event "AUTO-BEG-238"]
[Site "http://www.queenalice.com/game.php?id=443096"]
[Date "2008.8.3"]
[Round "1"]
[White "Jajer"]
[Black "EduardoAlmeida"]
[Result "1-0"]
[WhiteElo "1430"]
[BlackElo "1254"]

1. e4 Nf6 2. d3 Nc6 3. Bf4 Nd4 4. e5 Nd5 5. g3 e6 6. Bg2 Be7 7. Bxd5 O-O 8. Bg2
c5 9. Nd2 Rb8 10. Ngf3 Nxf3+ 11. Bxf3 Qa5 12. c3 Qb5 13. Nc4 Qxb2 14. Nxb2 c4
15. Nxc4 d5 16. Ne3 b6 17. Qa4 Rb7 18. d4 b5 19. Qc2 Ba3 20. Bd1 b4 21. Qd3 Rc7
22. Bc2 Rc6 23. Qxh7# 1-0

[Event "AUTO-BEG-238"]
[Site "http://www.queenalice.com/game.php?id=443097"]
[Date "2008.8.3"]
[Round "1"]
[White "EduardoAlmeida"]
[Black "Jajer"]
[Result "0-1"]
[WhiteElo "1272"]
[BlackElo "1413"]

1. Nc3 e5 2. e4 Nc6 3. Bc4 Nf6 4. Nf3 Bc5 5. O-O d6 6. d3 O-O 7. Ng5 h6 8. Nf3
Bg4 9. Nd5 Nxd5 10. exd5 Nd4 11. Rb1 Qf6 12. Qe1 Bxf3 13. b4 Qg6 14. Kh1 Qxg2#
0-1

[Event "AUTO-BEG-224"]
[Site "http://www.queenalice.com/game.php?id=492344"]
[Date "2008.11.12"]
[Round "2"]
[White "Borsssoi"]
[Black "EduardoAlmeida"]
[Result "0-1"]
[WhiteElo "1367"]
[BlackElo "1317"]

1. e4 e5 2. Nf3 Nf6 3. Nxe5 Nxe4 4. Nxf7 Kxf7 5. Qf3+ Kg8 6. Qxe4 d5 7. Bc4 g6
8. Bxd5+ Kg7 9. Qe5+ Qf6 10. d4 Bd7 11. Bg5 Qxe5+ 12. dxe5 Na6 13. Bf6+ Kh6 14.
Bxh8 Re8 0-1

[Event "AUTO-BEG-265"]
[Site "http://www.queenalice.com/game.php?id=493317"]
[Date "2008.11.14"]
[Round "1"]
[White "cesarcalegari"]
[Black "EduardoAlmeida"]
[Result "1-0"]
[WhiteElo "1273"]
[BlackElo "1335"]

1. Nf3 Nc6 2. d4 d5 3. Qd3 Be6 4. Qc3 Nf6 5. Ng5 h6 6. Nf3 Ne4 7. Qa3 Qd7 8. e3
a5 9. b3 Ra7 10. Nh4 Bg4 11. f3 Be6 12. fxe4 dxe4 13. c4 Nb4 14. Qb2 a4 15. Qa3
Nc2+ 16. Kd1 Nxa3 17. Bxa3 axb3 18. axb3 Bg4+ 19. Be2 c5 20. Bxg4 e6 21. d5 f5
22. Bh5+ g6 23. Nxg6 Rg8 24. Ne5+ Kd8 25. Nxd7 Kxd7 26. Bf7 Rg7 27. Bxe6+ Ke8
28. Rf1 Rg5 29. g4 h5 30. Nc3 Rxg4 31. Rc1 Rxa3 32. Rxf5 Rg1+ 33. Kc2 Rg2+ 34.
Kd1 Rg6 35. Bf7+ Kd8 36. Bxg6 Ra6 37. Rxf8+ Kd7 38. Bf5+ Ke7 39. Rc8 Kf6 40.
Rf8+ Kg5 41. Nxe4+ Kh4 42. Rg8 Rf6 43. Nxf6 1-0

[Event "AUTO-BEG-265"]
[Site "http://www.queenalice.com/game.php?id=493318"]
[Date "2008.11.14"]
[Round "1"]
[White "EduardoAlmeida"]
[Black "cesarcalegari"]
[Result "0-1"]
[WhiteElo "1343"]
[BlackElo "1229"]

1. e4 e5 2. Bc4 f6 3. Nf3 c6 4. O-O d5 5. Bd3 dxe4 6. Bxe4 Nh6 7. d4 exd4 8.
Nxd4 f5 9. Bf3 Ng4 10. Be2 Qd6 11. Bg5 Qxh2# 0-1

[Event "AUTO-BEG-265"]
[Site "http://www.queenalice.com/game.php?id=493335"]
[Date "2008.11.14"]
[Round "1"]
[White "Edivanderson"]
[Black "EduardoAlmeida"]
[Result "1-0"]
[WhiteElo "1008"]
[BlackElo "1335"]

1. e4 e5 2. Nf3 Nc6 3. d4 exd4 4. Nxd4 Nxd4 5. Qxd4 Be7 6. Qxg7 Bb4+ 7. c3 Bc5
8. Qxh8 Qe7 9. Qxg8+ Qf8 10. Qxh7 d6 11. b4 Bb6 12. Bh6 Ke7 13. Bxf8+ Kxf8 14.
Na3 Bg4 15. f3 Be6 16. Nc4 d5 17. Nxb6 cxb6 18. Qh8+ Ke7 19. Qxa8 dxe4 20. Qxb7+
1-0

[Event "AUTO-BEG-265"]
[Site "http://www.queenalice.com/game.php?id=493336"]
[Date "2008.11.14"]
[Round "1"]
[White "EduardoAlmeida"]
[Black "Edivanderson"]
[Result "0-1"]
[WhiteElo "1335"]
[BlackElo "1179"]

1. Nf3 d5 2. e3 Nc6 3. Bd3 d4 4. exd4 Nxd4 5. Nxd4 Qxd4 6. O-O Bg4 7. Qe1 f5 8.
Qe3 e5 9. Qxd4 exd4 10. Re1+ Be7 11. c3 dxc3 12. Nxc3 O-O-O 13. Nb5 a6 14. Na7+
Kb8 15. h3 Rxd3 16. Re3 Rxe3 17. dxe3 Be2 18. b4 Kxa7 19. a3 b5 20. Bb2 Nf6 21.
Re1 Bc4 22. Bd4+ Ka8 23. e4 f4 24. e5 Nd7 25. e6 Nf6 26. Be5 Kb8 27. Rd1 Rd8 28.
Re1 Rd5 29. Bxf4 Kc8 30. Be3 a5 31. bxa5 Bxa3 32. Ra1 b4 33. Ra2 Rxa5 34. Rc2
Bxe6 35. Bb6 b3 36. Rxc7+ Kb8 37. Bxa5 Bb4 38. Bb6 Nd5 39. Ba7+ Kxc7 40. Bd4 Nc3
41. Be5+ Kc6 42. Bxg7 b2 0-1